01360nam a2200241Ia 4500001000600000003000900006008004100015040001300056040001300069041001300082100001800095100002900113245003100142245004000173250001100213260000900224260001200233260004900245300005900294500070900353650002501062650003101087H4466IT-RoPAU130308s9999 xx 000 0 und d aIT-RoPAU cIT-RoPAU aITALIANO aBonomi Ilaria gCodice Aut. SPICS: 57659 aLingua dei quotidiani (La) bLingua Italiana e I Mass Media (La) a1a ed. aROMA bCarocci c2003 [1° Ed.:2003 - Ed.Ling.Originale:2003] a"38 p. (prefazione: no ; testo: 38 [pagine: 127-164])" a"Introduzione: Generalita'; Quotidiani Tradizionali, Cartterizzazione Linguistica Complessiva; la Lingua dei Quotidiani Gratuiti (Free Press); la Lingua dei Quotidiani On Line. Analisi Linguistica Testualita': Tipologia degli Articoli; Paratesto; Struttura Interna dell'Articolo e strategie di coesione Sintassi del Periodo: Monoproposizionalita'; Stile Nominale; Tipologia del Periodare Articolato Interpunzione Morfosintassi Lessico. Testi: Agguato al Bus dei Coloni un Commando Palestinese Attacca e uccide Otto Israeliani Patente Ritirata a Vita e 18 Anni di Carcere, in Parlamento la tolleranza Zero per I Pirati Maxiblitz in Tutta Italia, 1422 Inmanette. Riferimenti Bibliografici." aSAGGI DI LINGUISTICA eCodice materia Spics: 3207